HISZPAŃSKIE SŁOWA, KTÓRE ROZUMIE KAŻDY: - Statystyki

Ogólne statystyki
  • Ten quiz został rozwiązany 444 razy
  • Średni wynik to 2 z 5
Statystyki odpowiedzi
Odpowiedź % Poprawnych
Hola
84%
Si
45%
Gracias
35%
Amigo
25%
Senhor
2%
Nie znaleziono quizów pasujących do podanych kryteriów
Rozkład punktacji
Procent ludzi z każdym wynikiem
Percentyl według liczby udzielonych odpowiedzi
Twoja historia wyników
Nie rozwiązałeś tego quizu